BFDI 1a - Statistics

General Stats
  • This quiz has been taken 30 times
  • The average score is 130 of 646
Answer Stats
Answer % Correct
Yeah,
100%
I
95%
know,
95%
she
84%
so
84%
was
84%
Really?
79%
surprised.
79%
I
74%
for
63%
Oh,
63%
sure!
63%
big,
58%
it
58%
very
58%
wasn't
58%
a
53%
afraid
53%
bug,
53%
bugs!
53%
but
53%
crazy!
53%
Flower
53%
Flower
53%
is
53%
just
53%
little
53%
mean,
53%
of
53%
OMG,
53%
really
53%
went
53%
yeah.
53%
asked
47%
Flower
47%
Like
47%
she
47%
she's
47%
the
47%
thinks
47%
time
47%
Well,
47%
beautiful...
42%
beautiful?
42%
Cube,
42%
don't
42%
fabulous!
42%
I
42%
Ice
42%
Icy
42%
if
42%
look
42%
no?
42%
she
42%
so
42%
think
42%
Uh,
42%
was
42%
you
42%
am
37%
believe
37%
Blocky
37%
Bubble
37%
Bubble?
37%
cannot
37%
CUBE!
37%
fault.
37%
fault!
37%
Fine!
37%
get
37%
get
37%
gonna
37%
her!
37%
her
37%
here.
37%
HIS
37%
I
37%
I
37%
I
37%
ICE
37%
I'll
37%
it's
37%
It's
37%
It's
37%
likes
37%
me
37%
me!
37%
my
37%
nearly
37%
Needle.
37%
NO!
37%
not
37%
Oh,
37%
oh!
37%
Oh,
37%
on
37%
Pin!
37%
popped
37%
remember
37%
revenge
37%
Right,
37%
Right?
37%
servants!
37%
SO
37%
STOP!
37%
stupid
37%
that!
37%
this
37%
too.
37%
Uh...
37%
Yeah...?
37%
You
37%
are
32%
be
32%
for?
32%
friends,
32%
glad
32%
guys
32%
Hey!
32%
HURT
32%
I'm
32%
I'm
32%
in
32%
just
32%
mood
32%
my
32%
Really!
32%
she
32%
so
32%
someone!
32%
THAT
32%
the
32%
thinks
32%
though.
32%
to
32%
Um...
32%
was
32%
we
32%
What
32%
will
32%
Yikes!
32%
you
32%
a
26%
are
26%
cool.
26%
enjoy,
26%
enjoy
26%
Eraser.
26%
get
26%
Help!
26%
he's
26%
how
26%
it!
26%
life
26%
out
26%
Pen,
26%
scaredy-cat
26%
so
26%
so
26%
So
26%
there
26%
There's
26%
though,
26%
to
26%
uncool.
26%
up!
26%
Woody,
26%
you,
26%
you're
26%
a
21%
a
21%
a
21%
a
21%
A
21%
a
21%
a
21%
Ahh... ahh... AAAAAIIIIIEEEEE!
21%
And
21%
and
21%
and
21%
Awww... Aiyeee...
21%
Ball
21%
balsa.
21%
BATH!
21%
believe
21%
bossy?
21%
bossy
21%
bossy-bot.
21%
calm
21%
can't
21%
casino,
21%
Coiny!
21%
Coiny!
21%
come
21%
could
21%
decide
21%
doesn't.
21%
down!
21%
dumb!
21%
easy
21%
even
21%
FIGHTING!
21%
Firey!
21%
Firey!
21%
five
21%
Flower...
21%
friend!
21%
gets
21%
gets
21%
Golf
21%
good
21%
gosh,
21%
He
21%
Hey!
21%
Hi,
21%
Hi,
21%
him.
21%
hotel,
21%
I
21%
I
21%
in
21%
injure
21%
IS
21%
is,
21%
is
21%
Isn't
21%
Kicking
21%
know!
21%
like,
21%
mile
21%
my
21%
my
21%
of
21%
Oh
21%
ol'
21%
Oof!
21%
or
21%
or
21%
paradise,
21%
restaurants,
21%
robot?
21%
robot
21%
Rocky!
21%
SB!
21%
*scream*
21%
servants...
21%
severely
21%
She
21%
*sigh*
21%
six
21%
slap!
21%
so
21%
So,
21%
Sorry...
21%
Spongy,
21%
Spongy!
21%
square
21%
star
21%
stinky.
21%
STOP
21%
take
21%
TB,
21%
Teardrop,
21%
the
21%
to
21%
to
21%
to
21%
up!
21%
Wake
21%
who
21%
who
21%
whole
21%
winner
21%
Woody
21%
Woody
21%
Woody...
21%
YAAAAAAAAAAAAAAAAAAAAAAAAAAAA!
21%
You're
21%
You're
21%
You're
21%
a
16%
a
16%
a
16%
about
16%
alliance!
16%
alliance?
16%
an
16%
An
16%
anything
16%
anything.
16%
away
16%
be
16%
be
16%
bossiest.
16%
building
16%
built
16%
But
16%
called:
16%
can
16%
Comming
16%
contest.
16%
cost?
16%
do
16%
do
16%
do
16%
Dream
16%
else?
16%
even
16%
everybody,
16%
everybody
16%
for
16%
form
16%
from
16%
get
16%
give
16%
got
16%
guys,
16%
harm!
16%
her.
16%
Hey
16%
how?
16%
how
16%
I
16%
I
16%
I
16%
I'd
16%
I'll
16%
in
16%
island
16%
Island.
16%
island
16%
it
16%
it!
16%
it
16%
it!
16%
its
16%
It's
16%
I've
16%
join!
16%
know,
16%
know.
16%
Let's
16%
Let's
16%
luck.
16%
luxury.
16%
much
16%
must
16%
my
16%
my
16%
need
16%
Neither
16%
no
16%
NO.
16%
Not
16%
of
16%
of
16%
Oof!
16%
or
16%
Out
16%
part-
16%
Pen.
16%
penny.
16%
robot
16%
settle
16%
So
16%
sooo
16%
Sorry,
16%
SPACE!
16%
take
16%
that
16%
that
16%
That
16%
the
16%
then
16%
Then
16%
They
16%
they.
16%
they're
16%
this
16%
through!
16%
to
16%
to
16%
to
16%
too,
16%
up
16%
want
16%
was
16%
way!
16%
we
16%
Well,
16%
Well,
16%
Well,
16%
Wha?
16%
Whaa?
16%
what
16%
what
16%
Wheeee!
16%
will
16%
with
16%
would
16%
would
16%
wouldn't
16%
you
16%
you
16%
you're
16%
A
11%
ACK!
11%
Alliance,
11%
are
11%
bar
11%
Better?
11%
Blocky!
11%
Blocky!
11%
Blocky?
11%
can't!
11%
Coiny,
11%
Come
11%
doing?
11%
done.
11%
don't
11%
eachother!
11%
ever -!
11%
evil
11%
Flower.
11%
flying
11%
help
11%
Help
11%
Help!
11%
her
11%
Hey!
11%
I...
11%
in.
11%
is
11%
it?
11%
job
11%
Leafy!
11%
Let's
11%
Let's
11%
let's
11%
longest
11%
me,
11%
me!
11%
me!
11%
no!
11%
Now
11%
oh!
11%
oh!
11%
Oh
11%
Oh
11%
on
11%
on,
11%
on
11%
on
11%
Oops!
11%
Oops.
11%
Oops.
11%
over!
11%
Pin!
11%
Pin.
11%
Pin!
11%
Pull
11%
pull
11%
remember?
11%
right!
11%
Rocky?
11%
run
11%
She's
11%
So
11%
stays
11%
stepping
11%
stepping
11%
STILL
11%
swing!
11%
Teardrop,
11%
Thanks!
11%
the
11%
the
11%
the
11%
There's
11%
Uh
11%
Uh
11%
Uhh,
11%
Uhh,
11%
Uhhh,
11%
Uh-oh!
11%
umm,
11%
up!
11%
up!
11%
up!
11%
up!
11%
us
11%
Wake
11%
wake
11%
well
11%
We're
11%
Wha...?
11%
What
11%
What
11%
Whoever
11%
wins.
11%
Woah!
11%
Woah!
11%
WOOHOO!!!
11%
Yay!
11%
Yeah!
11%
Yeah!
11%
Yeah!
11%
yeah!
11%
yes.
11%
Yes.
11%
you
11%
You're
11%
You're
11%
You're
11%
a
5%
a
5%
ACK!
5%
agree
5%
Anyway,
5%
arm!
5%
bad.
5%
beats
5%
both
5%
both
5%
can
5%
can
5%
choose
5%
didn't
5%
Dream
5%
fair.
5%
finger.
5%
for
5%
get
5%
get
5%
get
5%
god...!
5%
going,
5%
great...
5%
Grrr...
5%
Ha,
5%
ha!
5%
Ha!
5%
Heh
5%
heh...
5%
Hey!
5%
Hold
5%
hold
5%
I
5%
I
5%
I'll
5%
I'm
5%
island,
5%
island.
5%
island?
5%
Island.
5%
isn't
5%
It's
5%
just
5%
larger,
5%
let
5%
longer
5%
Look,
5%
much
5%
my
5%
my
5%
Nice
5%
Non-Slip
5%
Nope!
5%
not
5%
of
5%
of
5%
of
5%
off!
5%
Oh
5%
Oh
5%
on
5%
on
5%
one
5%
one
5%
Only
5%
only
5%
onto
5%
other
5%
Paper,
5%
paper.
5%
Pin!
5%
Pin...?
5%
push
5%
Rock,
5%
Scissors!
5%
Scissors
5%
sec!
5%
Shoes
5%
So
5%
still
5%
still,
5%
teams.
5%
teams
5%
Teardrop!
5%
that.
5%
that
5%
That's
5%
the
5%
the
5%
The
5%
the
5%
the
5%
The
5%
This
5%
to
5%
to
5%
to
5%
to
5%
two
5%
Um,
5%
us
5%
us
5%
Wait,
5%
Wait,
5%
We
5%
we
5%
wearing
5%
wha...?
5%
when
5%
where
5%
Whoops.
5%
win
5%
win.
5%
win!
5%
win.
5%
Wrong
5%
wrong.
5%
Yeah!
5%
you
5%
you
5%
you
5%
You
5%
you're
5%
battle
0%
Eww,
0%
Ohh,
0%
*scream*
0%
to
0%
Uhhh...
0%
Uhhh...
0%
win
0%
No matching quizzes found
Score Distribution
Percent of People with Each Score
Percentile by Number Answered
Your Score History
You have not taken this quiz